Sports Quiz

Random Sports or NCAA Quiz

NCAA Tourney Appearances Quiz Stats

 Plays Quiz Updated Mar 17, 2019

Score 0/49 Timer 08:00
0 Plays Today
Appearances Team % Correct
50North Carolina
96.9%
43Duke
96.9%
47UCLA
93.8%
58Kentucky
92.2%
25Michigan
89.3%
48Kansas
88.4%
34Texas
86.7%
33Michigan State
83.7%
39Indiana
81.2%
29Ohio State
78.3%
36*Syracuse
78.3%
23Virginia
78.1%
22Tennessee
77.6%
32Oklahoma
76.7%
33Arizona
76.3%
32Connecticut
75.5%
24Wisconsin
73.6%
30Georgetown
72.3%
39*Louisville
70.6%
22Gonzaga
69.2%
30Illinois
68.1%
38Villanova
66.2%
22LSU
65.9%
25North Carolina State
63.1%
27Maryland
63.1%
Appearances Team % Correct
26Pittsburgh
61.7%
36Notre Dame
58.4%
28Oklahoma State
58.3%
23*Wake Forest
57.9%
26Iowa
56.8%
31Kansas State
54.5%
30Purdue
54.3%
24Pennsylvania
53.3%
26Missouri
52%
21Houston
51.6%
32Arkansas
51.2%
29St. John's
51.2%
29West Virginia
50.7%
29Utah
46.6%
33Marquette
46.5%
33Cincinnati
44%
28Xavier
39.4%
33Temple
37.8%
29BYU
36.9%
25Princeton
36.8%
21Creighton
28.7%
21Utah State
28.2%
22New Mexico State
28.1%
22Western Kentucky
15.2%

You're not logged in!

Compare scores with friends on all Sporcle quizzes.
OR
Log In

Show Comments

Extras

Top Quizzes Today


Score Distribution

Your Account Isn't Verified!

In order to create a playlist on Sporcle, you need to verify the email address you used during registration. Go to your Sporcle Settings to finish the process.

Report this User

Report this user for behavior that violates our Community Guidelines.

Details: